000 00646nam a2200193 a 4500
003 OSt
005 20150408114153.0
008 130303s2009 jo a |bb 00| 0aarad
040 _aMA_UN
082 0 4 _221
_a214.577
_bم ي ب
100 1 _aمزيد، يونس إبراهيم أحمد
_922071
245 1 2 _aالبيئة في الإسلام /
_cيونس إبراهيم أحمد مزيد.
250 _aط. 1.
260 _aعمان، الأردن :
_bدار الحامد،
_c2009
300 _a226 ص. ؛
_c24 سم
504 _aببليوجرافية : ص. 257-275.
650 7 _2aucsh
_aالإسلام والبيئة
_913009
942 _2ddc
_cBOOK
999 _c32220
_d266720